Konkurence v nestátním neziskovém sektoru

Rast pozitívneho imidžu neštátnych neziskových organizácií v Česku. Konkurencia a neziskové organizácie. Oblasť získavania finančných prostriedkov k činnosti organizácie je oblasťou, v ktorej je najviac vnímaná konkurencia.

Guardado en:
Detalles Bibliográficos
Autor principal: Vávrová, Hana
Otros Autores: Boukal, Petr
Formato: Capítulo de libro
Lenguaje:checo
Materias:
Etiquetas: Agregar Etiqueta
Sin Etiquetas, Sea el primero en etiquetar este registro!

MARC

LEADER 00000naa$a2200000$$$4500
001 0043107
005 20220516133553.9
041 0 |a cze 
044 |a SK 
245 1 0 |a Konkurence v nestátním neziskovém sektoru  |c Hana Vávrová, Petr Boukal 
520 |a Rast pozitívneho imidžu neštátnych neziskových organizácií v Česku. Konkurencia a neziskové organizácie. Oblasť získavania finančných prostriedkov k činnosti organizácie je oblasťou, v ktorej je najviac vnímaná konkurencia. 
610 2 0 |a organizácie neziskové 
610 2 0 |a konkurencia 
610 2 0 |a financovanie 
610 2 0 |a zdroje finančné cudzie 
610 2 0 |a Česko 
100 1 |a Vávrová, Hana 
700 1 |a Boukal, Petr